000 00608nam a2200181Ia 4500
008 090123s9999 xx 000 0 und d
082 _b29109
100 _aकुलकर्णी नलिनी
245 _aभुताने बनवला राजा
250 _a0
260 _bअमोल प्रकाशन
_c1998
300 _a16
600 _aकुलकर्णी नलिनी
630 _aभुताने बनवला राजा
700 _aकुलकर्णी नलिनी
730 _aभुताने बनवला राजा
942 _cBOOK
999 _c67850
_d67850